Statistiche per Elenca la formazione - Quiz n°31

Clicka qui per fare il quiz!

Statistiche generali

  • Questo quiz è stato fatto 26 volte
  • Il punteggio medio è 6 su 11

Statistiche sulle risposte

RuoloNazioneCalciatore% Corretto
PortiereSpagnaKepa Arrizabalaga
96%
DifensoreBrasileThaigo Silva
96%
CentrocampistaCroaziaMateo Kovačić
88%
CentrocampistaArgentinaEnzo Fernandez
84%
AttaccanteGermaniaKai Havertz
80%
CentrocampistaInghilterraReece James
68%
CentrocampistaSpagnaMarc Cucurella
32%
TrequartistaFranciaN'Golo Kanté
28%
TrequartistaInghilterraConor Gallagher
24%
DifensoreInghilterraTrevoh Chalobah
24%
DifensoreCosta d'AvorioWesley Fofana
20%

Distribuzione punteggi

Percentile per numero di risposta

Percentuale di utenti per punteggio

I tuoi punteggi nel tempo

Non hai fatto questo quiz